000 006240000a22001810004500
003 MACL
005 20160503124536.0
008 160503b xxu||||| |||| 00| 0 eng d
040 _aMACL
_cMACL
041 _aHindi
082 _a800 SIN
100 _aसिंह, कुंवरपाल
_954271
245 _aसाहित्‍य समीक्षा और मार्क्‍सवाद
_cकुंवरपाल सिंह
260 _bअरूणोदय प्रकाशन
_c1994
_aनई दिल्‍ली
350 _a150
650 _aLiterature
_954919
942 _cHIN
_k800/SIN/L
_2ddc
999 _c21591
_d21591